| 000 | 01824nam a22002777a 4500 | ||
|---|---|---|---|
| 003 | PE SENCICO BE | ||
| 005 | 20251020182625.0 | ||
| 008 | 230123b |||||||| |||| 00| 0 eng d | ||
| 020 | _a978-84-1622-825-6 | ||
| 040 |
_aPE SENCICO BE _cPE SENCICO BE |
||
| 041 | _aspa | ||
| 082 |
_a332.6 _bG71 |
||
| 100 | 1 |
_9502 _aGonzález González, Oliva _eautor |
|
| 245 | 1 |
_aProyectos de participación público privada (PPP) : _bpara la gestión y financiación de infraestructuras / _cOliva González Gonzáles |
|
| 250 | _a1a ed. | ||
| 260 |
_aMadrid: _bIbergarceta Publicaciones, _c2016 |
||
| 300 |
_axiv, 297 p. : _bdiagrs., _c24 cm. |
||
| 504 | _aBibliografía a final de cada capítulo | ||
| 505 | 0 | _aConceptos básicos -- sistemas de participación público privada (PPP) y sus diferentes modalidades -- definición de a de proyecto de participación ciudadana privada (PPP) -- los riesgos y su gestión -- identificación y gestión de grupos de interés -- implicaciones legales de un proyecto de participación público privada (PPP) -- el régimen económico-financiero de un sistema de participación público privada (PPP) -- estructuración financiera de un proyecto de participación público privada (PPP) -- gestión, supervisión y control de proyectos PPP desde el punto de vista de la administración -- tendencias y evolución futura. | |
| 520 | 3 | _aTexto se ha estructurado en diez capítulos, que tratan de cubrir los temas esenciales que alguien quiera dedicarse o se dedica, a la gestión y financiación de este tipo de proyectos, debe conocer o al menos, tener en mente. | |
| 650 | 1 | 4 |
_9503 _aInversiones públicas |
| 650 | 2 | 4 |
_9504 _aProyectos de desarrollo económico |
| 650 | 2 | 4 |
_914 _aEvaluación de proyectos |
| 910 |
_bhfp _chfp |
||
| 942 |
_2ddc _cLIB _h332.6 _iG71 |
||
| 999 |
_c3788 _d3788 |
||